Trends in centre- state relations (Record no. 503150)

000 -LEADER
fixed length control field 00461cam a22001457a 4500
008 - FIXED-LENGTH DATA ELEMENTS--GENERAL INFORMATION
fixed length control field 180718b2014 xxu||||| |||| 00| 0 eng d
082 ## - DEWEY DECIMAL CLASSIFICATION NUMBER
Classification number B811x44 Ar67
100 ## - MAIN ENTRY--PERSONAL NAME
Personal name Arora, Dolly
245 ## - TITLE STATEMENT
Title Trends in centre- state relations
Statement of responsibility, etc. By. Dolly,Arora
260 ## - PUBLICATION, DISTRIBUTION, ETC.
Place of publication, distribution, etc. New Delhi
Name of publisher, distributor, etc. Indian institute of public administration
Date of publication, distribution, etc. 2014
300 ## - PHYSICAL DESCRIPTION
Extent 31p.
650 ## - SUBJECT ADDED ENTRY--TOPICAL TERM
Topical term or geographic name entry element Constitutional law -- India
650 ## - SUBJECT ADDED ENTRY--TOPICAL TERM
Topical term or geographic name entry element State governments -- India
650 ## - SUBJECT ADDED ENTRY--TOPICAL TERM
Topical term or geographic name entry element Federal government -- India
Holdings
Withdrawn status Lost status Damaged status Not for loan Permanent Location Current Location Date acquired Full call number Barcode Date last seen Price effective from Koha item type Source of classification or shelving scheme
        Indian Institute of Public Administration Indian Institute of Public Administration 2018-08-04 B811x44 Ar67 GR20384 2018-08-04 2018-08-04 GR  
        Indian Institute of Public Administration Indian Institute of Public Administration 2018-08-04 B811x44 Ar67\c.2 GR20314 2018-08-04 2018-08-04 GR  
        Indian Institute of Public Administration Indian Institute of Public Administration 2018-08-04 B811x44 Ar67 GR19640 2018-08-04 2018-08-04 GR  

Powered by Koha